Sports Quiz

Random Sports or Football Quiz

Tampa Bay Rays Starting Lineup 2010 Quiz Stats

 Plays Quiz not verified by Sporcle

Also try: SEC
Challenge
Share
Tweet
Embed
Score 0/10 Timer 03:00
0 Plays Today
Position Player % Correct
Third BaseEvan Longoria
99.2%
First BaseCarlos Pena
96.8%
Left FieldCarl Crawford
96.4%
Center FieldB.J. Upton
92.9%
ShortstopJason Bartlett
89.3%
Right FieldBen Zobrist
88.5%
Starting PitcherJames Shields
86.5%
CatcherDioner Navarro
84.1%
Designated HitterPat Burrell
68.3%
Second BaseSean Rodriguez
60.3%

You're not logged in!

Compare scores with friends on all Sporcle quizzes.
Join for Free
OR
Log In

You Might Also Like...

Show Comments

Extras

Top Quizzes Today


Score Distribution

Your Account Isn't Verified!

In order to create a playlist on Sporcle, you need to verify the email address you used during registration. Go to your Sporcle Settings to finish the process.

Report this User

Report this user for behavior that violates our Community Guidelines.

Details: